| 000 | 01411cam a2200301 a 4500 | ||
|---|---|---|---|
| 005 | 20160630094903.0 | ||
| 008 | 080910s2007 ck abd r 000 0 spa d | ||
| 020 | _a9789588317335 | ||
| 040 |
_aCO-BoPUJ _cCO-BoIAVH _dCO-BoIAVH |
||
| 041 | 0 | _aspa | |
| 044 | _ack | ||
| 082 | 0 | 4 |
_a333.72 _bB17m |
| 245 | 0 | 0 |
_aBases técnicas para el desarrollo sostenible en territorios transformados de la Amazonia colombiana _bárea de amortiguación sur de los PNN Tinigua y Cordillera de los Picachos _ceditores Uriel Gonzalo Murcia García...[et al.] ; Instituto Amazónico de Investigaciones Científicas |
| 246 | 1 | 0 | _aÁrea de amortiguación sur de los PNN Tinigua y Cordillera de los Picachos |
| 250 | _a1a ed. | ||
| 260 |
_aBogotá : _bSINCHI, _c2007. |
||
| 300 |
_a230 páginas : _bilustraciones, gráficas, mapas y tablas ; _c25 x 21 cm. |
||
| 504 | _aIncluye referencias bibliográficas. | ||
| 650 | 1 | 4 |
_aDesarrollo sostenible _zAmazonas (Colombia) |
| 650 | 2 | 4 |
_aUso de la tierra _zAmazonas (Colombia) |
| 650 | 2 | 4 |
_aCobertura vegetal _zAmazonas (Colombia) |
| 700 | 1 |
_aMurcia García, Uriel Gonzalo _eEditor |
|
| 700 | 1 |
_aRodríguez León, Carlos Hernando, _eEditor |
|
| 700 | 1 |
_aBetancourt Parra, Bernardo _eEditor |
|
| 710 | 2 | _aInstituto Amazónico de Investigaciones Científicas | |
| 700 | 1 |
_aVilla Durán, Luis Alberto _eEditor |
|
| 942 |
_2ddc _cLIBRO |
||
| 999 |
_c6649 _d6649 |
||